000
00319nam a22001337a 4500
008
170912b xxu||||| |||| 00| 0 eng d
020
_a
9780534408428
041
_a
eng
080
_2
6 ED
_a
53
100
_a
43
101
_a
FIZ
245
_a
PHYSICS FOR SCIENTISTS AND ENGINEERS
_c
JEWETT.S
942
_2
udc
_c
BK
999
_c
27255
_d
27255